|
|
|
|
| LEADER |
01066nam a2200301 i 4500 |
| 001 |
17671 |
| 003 |
BD-DhAAL |
| 005 |
20140508123708.0 |
| 008 |
140508s1975 cau b 000 0 eng d |
| 010 |
|
|
|a 75001818
|
| 020 |
|
|
|a 0915166216 :
|c $3.95
|
| 040 |
|
|
|a DLC
|c DLC
|d DLC
|d BD-DhAAL
|
| 041 |
|
|
|a eng
|
| 050 |
0 |
0 |
|a HQ1206
|b .P44
|
| 082 |
0 |
0 |
|a 155.6/33
|
| 100 |
1 |
|
|a Phelps, Stanlee.
|9 4466
|
| 245 |
1 |
4 |
|a The assertive woman /
|c by Stanlee Phelps and Nancy Austin.
|
| 260 |
|
|
|a [San Luis Obispo, Ca.] :
|b IMPACT,
|c c1975.
|
| 300 |
|
|
|a 177 p. ;
|c 21 cm.
|
| 504 |
|
|
|a Includes bibliography: p. 174-177.
|
| 541 |
|
|
|e 17671
|
| 650 |
|
0 |
|a Assertiveness in women.
|9 4467
|
| 650 |
|
0 |
|a Women
|x Life skills guides.
|9 4468
|
| 650 |
|
0 |
|a Feminism
|z United States.
|9 3054
|
| 700 |
1 |
|
|a Austin, Nancy,
|e joint author.
|9 4469
|
| 942 |
|
|
|2 ddc
|c BK
|
| 999 |
|
|
|c 14335
|d 14335
|
| 952 |
|
|
|0 0
|1 0
|2 ddc
|4 0
|6 155_633000000000000_PHE
|7 0
|9 24306
|a BRACUL
|b BRACUL
|c GEN
|d 2014-05-08
|l 0
|o 155.633 PHE
|p 3010017671
|r 2014-05-08
|t 1
|w 2014-05-08
|y BK
|x Transferred from ENH to Ayesha Abed library on 20/12/2023
|